Travel the World - Sudden Death - Statistics

General Stats
  • This quiz has been taken 251 times
  • The average score is 13 of 55
Answers on the Grid
Answers color-coded by a green-red scale on the quiz's grid according to % correct below.
 
Answer Stats
Answer % Correct
97%
95%
81%
64%
61%
56%
56%
56%
55%
46%
44%
42%
42%
39%
34%
34%
31%
31%
30%
30%
23%
22%
18%
17%
17%
17%
17%
17%
17%
13%
13%
12%
10%
8%
8%
8%
8%
7%
6%
6%
6%
5%
4%
4%
3%
3%
3%
3%
3%
3%
3%
3%
3%
2%
2%
No matching quizzes found
Score Distribution
Percent of People with Each Score
Percentile by Number Answered
Your Score History
You have not taken this quiz